Compendium of Indian weed science research(1950-81) V 1. Weed control in crops (Record no. 36885)

MARC details
000 -LEADER
fixed length control field 00366nam a2200121Ia 4500
082 ## - DEWEY DECIMAL CLASSIFICATION NUMBER
Classification number 632.51:001.814(540)
Item number KHU
100 ## - MAIN ENTRY--AUTHOR NAME
Personal name KHUSPE, V S
245 #0 - TITLE STATEMENT
Title Compendium of Indian weed science research(1950-81) V 1. Weed control in crops
260 ## - PUBLICATION, DISTRIBUTION, ETC. (IMPRINT)
Place of publication New Delhi
Name of publisher Metropolitan
Year of publication 1982
650 ## - SUBJECT ADDED ENTRY--TOPICAL TERM
Topical Term Weed science
942 ## - ADDED ENTRY ELEMENTS (KOHA)
Koha item type Books
Holdings
Withdrawn status Lost status Damaged status Not for loan Home library Current library Date acquired Full call number Accession Number Koha item type
        RRII Library RRII Library 16/12/2021 632.51:001.814(540) KHU 17282 Books